[Event "Tonsberg op"]
[Site "Tonsberg"]
[Date "2003.10.13"]
[Round "5"]
[White "Einarsen, Kenneth"]
[Black "Andreassen, Tor Herman"]
[Result "1/2-1/2"]
[WhiteElo "1571"]
[BlackElo "1685"]
[PlyCount "125"]
[EventDate "2003.09.08"]
[EventType "swiss"]
[EventRounds "9"]
[EventCountry "NOR"]
[SourceTitle "EXT 2008"]
[Source "ChessBase"]
[SourceDate "2007.11.25"]
[SourceVersion "1"]
[SourceVersionDate "2007.11.25"]
[SourceQuality "1"]

1. c4 e5 2. Nc3 Nf6 3. g3 Nc6 4. Bg2 d6 5. Nf3 Be7 6. d3 0-0 7. 0-0 Ne8 8. a3 f5 9. b4 Bf6 10. Bb2 Ne7 11. Qc2 c6 12. b5 Nc7 13. bxc6 bxc6 14. e4 f4 15. c5 Ng6 16. cxd6 Qxd6 17. a4 Rd8 18. Rfd1 Ba6 19. Ba3 Qe6 20. Bf1 h5 21. h4 Qg4 22. Nh2 Qe6 23. Qa2 Rab8 24. Bh3 Qxa2 25. Rxa2 Rb3 26. Ne2 Rdxd3 27. Rxd3 Bxd3 28. Bd6 Rb1+ 29. Kg2 Bxe4+ 30. f3 Bd5 31. Rc2 Ne8 32. Bc5 a6 33. Bf5 Kf7 34. Bxg6+ Kxg6 35. gxf4 Ra1 36. fxe5 Bxe5 37. Nc3 Bxc3 38. Rxc3 Rxa4 39. Be7 Nf6 40. Kg3 Kf7 41. Ra3 Rxa3 42. Bxa3 Bc4 43. Kf4 Nd5+ 44. Ke5 Ne3 45. Bc5 Nc2 46. Bb6 Nb4 47. Kd4 Bb5 48. Ke5 Nd3+ 49. Ke4 Nb2 50. f4 Nc4 51. Bc5 a5 52. Nf3 a4 53. Ne5+ Nxe5 54. Kxe5 Bc4 55. Bd6 Bd5 56. Bc5 g6 57. Bb4 Ke8 58. Ba3 Kd7 59. Bb4 Kc7 60. Kd4 Kb6 61. Bc5+ Kb5 62. Ba3 Be6 63. Bc5 1/2-1/2

[Event "Tonsberg op"]
[Site "Tonsberg"]
[Date "2003.09.22"]
[Round "3"]
[White "Johansen, Kjell Arne"]
[Black "Andreassen, Tor Herman"]
[Result "1/2-1/2"]
[WhiteElo "1514"]
[BlackElo "1685"]
[PlyCount "51"]
[EventDate "2003.09.08"]
[EventType "swiss"]
[EventRounds "9"]
[EventCountry "NOR"]
[SourceTitle "EXT 2008"]
[Source "ChessBase"]
[SourceDate "2007.11.25"]
[SourceVersion "1"]
[SourceVersionDate "2007.11.25"]
[SourceQuality "1"]

1. c4 Nf6 2. Nc3 g6 3. g3 d5 4. cxd5 Nxd5 5. Bg2 Nb6 6. b3 Bg7 7. Bb2 0-0 8. e3 e5 9. Nge2 c6 10. 0-0 f5 11. d3 Be6 12. Qc2 Na6 13. Rad1 Qe7 14. f4 Nb4 15. Qc1 Rfd8 16. Ba3 a5 17. fxe5 Bxe5 18. Nf4 Bd7 19. d4 Bg7 20. d5 Qc5 21. Nce2 Qxc1 22. Nxc1 N4xd5 23. Nxd5 Nxd5 24. Bxd5+ cxd5 25. Rxd5 Bc6 26. Rdd1 1/2-1/2